Estatísticas para Kosovo

Clique aqui para jogar o quiz

Estatísticas Gerais

  • Esse quiz foi jogado 11 vezes
  • A pontuação média é 11 de 14

Estatísticas das Respostas

HintResposta% Correto
Qual é a sua moeda?Euro
100%
Onde fica?Europa
100%
Qual é a sua capital?Pristina
100%
Quantos idiomas tem?2
89%
Com que país faz fronteira a sudoeste?Albânia
89%
Em que península fica?Balcãs
89%
Qual é o desporto mais praticado?Futebol
89%
Com que país faz fronteira a sudeste?Macedónia do Norte
89%
Com que país faz fronteira a oeste?Montenegro
89%
De que país é independente?Sérvia
89%
Qual é a sua religião?Islamismo
78%
O que representam as 6 estrelas na bandeira?Grupos étnicos do país
44%
O que está a amarelo na bandeira?Mapa
44%
Quem é a presidente?Vjosa Osmani
22%

Distribuição das Pontuações

Percentil de Números Respondidos

Porcentagem de Pessoas com Cada Pontuação

Sua Pontuação Histórica

Você não jogou esse quiz